Starcraft 2 : Unités Zerg - Statistiques

Statistiques générales
  • Ce quiz a été pris 50 fois
  • Le résultat moyen est 15 sur 19
Statistiques - réponses
Hint Réponse % Correct
Mutalisk
98%
Zergling
98%
Cafard / Roach
96%
A partir du précédent Chancre / Baneling
93%
Hydralisk
93%
Reine / Queen
89%
Ultralisk
89%
Ouvrier / Drone
87%
Larve / Larva
85%
Dominant / Overlord
83%
Corrupteur / Corruptor
76%
Seigneur-vermine / Brood Lord
76%
Invoqué par le précédent Vermine / Broodling
70%
Invoqué par le précédent Changelin / Changeling
67%
A partir du précédent Vigilant / Overseer
67%
Infestateur / Infestor
63%
Vipère / Viper
63%
Essaimeur / Swarm Host
57%
Invoquée par le précédent Terran Contaminé
13%
Aucun quiz correspondant
Distribution des résultats
% des personnes avec chaque résultat
Percentile par nombre de réponses
Votre historique - résultats
Vous n’avez pas pris ce quiz